MDQL
is popping MORE tags! Check the
thread
!
Quizzes
Events
Quiz Creation
Community
Videos
Private Events
Remove Ads
Sign In
Join for FREE
Feedback
Dark Mode
Quiz Categories
Sports
Geography
Music
Movies
Television
Just For Fun
Miscellaneous
History
Literature
Language
Science
Gaming
Entertainment
Religion
Holiday
For Kids
Quiz Lab
Recent
Popular Today
Quiz Kudos Today
Editor Picks
Curator Picks
Quizzes by...
Day
Popularity
Type
Ratings
Length
Year
Community
Subscriptions
Recent Discussions
Orange Saloon
Badges
Playlists
Quests
Create
Leaderboards
Showdown
Live 5
Trivia Bingo
Activity
Puzzle Library
Sporcle Events
Private Events
Virtual Trivia
Globe League
Become a Host
Pub Owners
SporcleCon
Opinionation
Our Games
Videos
Blog
Mobile Apps
Partnerships
Remove Ads and Go Orange
Feedback
Sports
Athletes
MLB
NBA
NHL
NFL
Soccer
Sports Teams
WWE
NCAA
Football
Premier League
Basketball
Baseball
Hockey
Golf
Tennis
Cricket
Rugby
Auto Racing
Olympics
World Cup
Sports
Athletes
MLB
NBA
NHL
NFL
Soccer
Sports Teams
WWE
NCAA
Football
Premier League
Basketball
Baseball
Hockey
Golf
Tennis
Cricket
Rugby
Auto Racing
Olympics
World Cup
Random Quiz
Search Sporcle
×
Quiz Lab
Quiz Lab
Sports
Received
Type in answers that appear in a list
Type in answers that appear in a list
Classic
Best Score? Go Orange.
Clippers Players Who Received MVP Votes Stats
Can you name the Los Angeles Clippers players who received MVP votes?
By
bigbill16
2m
15 Questions
103 Plays
103 Plays
103 Plays
Comments
Comments
Give Quiz Kudos
Give Quiz Kudos
-
- Ratings
hide this ad
More Info
Replay
Link that replays current quiz
Next Quiz
Link to next quiz in quiz playlist
You Got
0%
They Got
Avg Score
67%
Avg Friend Score
Upgrade to see
Score Distribution
Jump to the score distribution portion of the page
Score
0/15
Timer
02:00
0
Plays Today
Year
Player
% Correct
2012
Chris Paul
100%
2013
Chris Paul
100%
2011
Blake Griffin
98.1%
2002
Elton Brand
93.2%
2006
Elton Brand
93.2%
1974
Bob McAdoo
88.3%
1975*
Bob McAdoo
88.3%
1976
Bob McAdoo
88.3%
Year
Player
% Correct
1992
Danny Manning
70.9%
1973
Elmore Smith
65%
1976
Randy Smith
65%
1994^
Dominique Wilkins
36.9%
1979
World B. Free
35%
1983
Terry Cummings
27.2%
1977^
Moses Malone
9.7%
Quiz Playlist
Details
Report
Send in Message
Add To Playlist
More Info:
*Denotes winner of MVP award. ^Denotes player was not with team for entire season.
Classic:
Type in answers that appear in a list
Quiz Source
Last Updated: Feb 16, 2017
Quiz Scoreboard
CHALLENGE
Sign Up to Join the Scoreboard
Show All
Scores
Hide
Comments
May contain spoilers
Recently Published
Find the 'City' Movie
by crazypaving
Movies
60s
5x2 Blitz: Bands
by SL_Kpop136
Music
30s
Colored Red Africa Blitz
by spor1
Geography
30s
More to Explore
Quiz From the Vault
Featured Blog Post
14 Easter Pick-up Lines to Find Eggs With
hide this ad
You Might Also Like...
Tags
angel
Los Angeles
Los Angeles Clippers
MVP
Player
Received
share
Vote
Today's Top Quizzes in Sports
Browse Sports
hide this ad
Today's Top Quizzes in Received
Browse Received
Top Contributed Quizzes in Sports
1
Players with Multiple 50 Home Run Seasons
2
Who Needs Fielders?
3
Criteria MLB: Left Handed Sluggers
4
MLB Players with Two .350 Batting Average Seasons
5
Who Hit More Homers?
6
2020 F1 Drivers Logic Puzzle
7
NBA Teammate Connections
8
Premier League Clubs since 2000 (minefield)
9
MLB Teams by First Game
10
Top 10 NHL Goal Scorers of All Time
Explore More
Trending Topics
Kpop
Anime
Harry Potter
Disney
Marvel
Crossword
NBA
Pokémon
Puzzle
Soccer
The Office
Country
WWE
Song
NFL
hide this ad
More By:
bigbill16
Quiz
Plays
Rating
Category
Featured
Created
2015 NBA Playoffs Starters
25,861
4.66
Sports
Apr 21, 2015
2014 NBA Playoffs Starters
11,603
4.65
Sports
Apr 21, 2014
2002 NBA Playoffs Starters
6,063
4.60
Sports
Jun 26, 2013
2016 NBA Playoffs Starters
5,670
4.80
Sports
Apr 17, 2016
2013 NBA Playoffs Starters
4,167
4.91
Sports
Apr 22, 2013
Go to Creator's Profile
Score Distribution
Quiz Creator Spotlight
bigbill16
Follow
Send a Message
Quizzes Created
-
Created Quiz Play Count
-
More By This Creator
Popular Quizzes Today
1
Find the 'City' Movie
2
5x2 Blitz: Bands
3
Colored Red Africa Blitz
4
Find the US States - No Outlines Minefield
5
The Countries of the World
6
Find the US States
7
9x9 Crossword: Cartoon Network
8
US States
More Sports Quizzes
NBA Playoffs Leaders (2010s)
Quiz Lab
Trending Quizzes
Colored Red Africa Blitz II
Colored Red Europe Blitz I
Colored Red Africa Blitz III
Colored Red Europe Blitz II
Colored Red Europe Blitz III
Recently Updated
Champions League XIs: Real Madrid
pecheneg
Largest US Cities 1790-2010
pecheneg
Rides in Walt Disney World
pecheneg
Most Oscar Losses (Acting)
pecheneg
Beyoncé Albums
pecheneg
Leaping Animals
pecheneg
Reality TV Shows (A-Z)
bhenderson79
Rickey Henderson's Hall of Fame Teammates
pecheneg
Champions League XIs: Arsenal
pecheneg
Quick Pick: Celebrities in WWE's Hall of Fame
aduchscher
Trending Topics
Anime
Disney
Kpop
NBA
Marvel
Harry Potter
Crossword
The Office
Country
Soccer
NFL
WWE
Pokémon
Song
Puzzle
Your Account Isn't Verified!
In order to create a playlist on Sporcle, you need to verify the email address you used during registration. Go to your
Sporcle Settings
to finish the process.
Report this User
Report this user for behavior that violates our
Community Guidelines
.
Details:
Send Report
Go to the Sporcle.com Mobile Site →
Comments